书目信息 |
| 题名: |
多跑路 少用油
|
|
| 作者: | 徐元强 , 张从文 , 施红星 主编 | |
| 分册: | ||
| 出版信息: | 沈阳 辽宁科学技术出版社 2006.01 |
|
| 页数: | 253页 | |
| 开本: | 21cm | |
| 丛书名: | 车主智多星系列 | |
| 单 册: | ||
| 中图分类: | U471.23 | |
| 科图分类: | ||
| 主题词: | 汽车节油--基本知识 | |
| 电子资源: | ||
| ISBN: | 7-5381-4517-6 | |
| 000 | 00816nam0 2200253 450 | |
| 001 | 1130494500 | |
| 005 | 20111228083047.98 | |
| 010 | @a7-5381-4517-6@dCNY15.00 | |
| 100 | @a20111228d2006 km y0chiy0120 ea | |
| 101 | 0 | @achi |
| 102 | @aCN@b210000 | |
| 105 | @ay z 000yy | |
| 200 | 1 | @a多跑路 少用油@Aduo pao lu shao yong you@f徐元强,张从文,施红星主编@Fxu yuan qiang,zhang cong wen,shi hong xing zhu bian |
| 210 | @a沈阳@c辽宁科学技术出版社@d2006.01 | |
| 215 | @a253页@d21cm | |
| 225 | 2 | @a车主智多星系列 |
| 410 | 0 | @12001 @a车主智多星系列 |
| 606 | 0 | @a汽车节油@x基本知识 |
| 690 | @aU471.23@v4 | |
| 701 | 0 | @a徐元强@Axu yuan qiang@4主编 |
| 701 | 0 | @a张从文@Azhang cong wen@4主编 |
| 701 | 0 | @a施红星@Ashi hong xing@4主编 |
| 801 | 0 | @aCN@bZZRC@c20111228 |
| 905 | @a郑州市财税学校图书馆@dU471.23@eX830@f3 | |
| 多跑路 少用油/徐元强,张从文,施红星主编.-沈阳:辽宁科学技术出版社,2006.01 |
| 253页;21cm.-(车主智多星系列) |
| ISBN 7-5381-4517-6:CNY15.00 |
| ● |
| 相关链接 |
|
|
|
正题名:多跑路 少用油
索取号:U471.23/X830
 
预约/预借
| 序号 | 登录号 | 条形码 | 馆藏地/架位号 | 状态 | 备注 |
| 1 | 1181499 | 211814991 | 期刊室512/501自科库 56排7列4层/ [索取号:U471.23/X830] | 在馆 | |
| 2 | 1181500 | 211815008 | 自科库501/501自科库 56排7列5层/ [索取号:U471.23/X830] | 在馆 | |
| 3 | 1181501 | 211815017 | 自科库501/501自科库 56排7列5层/ [索取号:U471.23/X830] | 在馆 |